Bài tập kỹ thuật điện tử

Cuốn "Bài tập kĩ thuật điện tử" được dùng làm tài liệu bổ trợ cho sinh viên học môn "Kĩ thuật điện tử" Sách này còn là tài liệu tham khảo cho các đối tượng có liên quan tới ngành kĩ thuật điện tử và tin học....

Disgrifiad llawn

Wedi'i Gadw mewn:
Manylion Llyfryddiaeth
Prif Awdur: Đỗ, Xuân Thụ
Fformat: Llyfr
Iaith:Undetermined
Cyhoeddwyd: Hà Nội Giáo dục 2006
Pynciau:
Tagiau: Ychwanegu Tag
Dim Tagiau, Byddwch y cyntaf i dagio'r cofnod hwn!
Thư viện lưu trữ: Trung tâm Học liệu Trường Đại học Cần Thơ
LEADER 00908nam a2200205Ia 4500
001 CTU_120012
008 210402s9999 xx 000 0 und d
020 |c 18000 
082 |a 621.381076 
082 |b Th500 
100 |a Đỗ, Xuân Thụ 
245 0 |a Bài tập kỹ thuật điện tử 
245 0 |c Đỗ Xuân Thụ, Nguyễn Viết Nguyên 
260 |a Hà Nội 
260 |b Giáo dục 
260 |c 2006 
520 |a Cuốn "Bài tập kĩ thuật điện tử" được dùng làm tài liệu bổ trợ cho sinh viên học môn "Kĩ thuật điện tử" Sách này còn là tài liệu tham khảo cho các đối tượng có liên quan tới ngành kĩ thuật điện tử và tin học. 
650 |a Electronics 
904 |i Hiếu 
980 |a Trung tâm Học liệu Trường Đại học Cần Thơ